书目信息 |
| 题名: |
新青年﹒青年妇女卷
|
|
| 作者: | 张宝明 主编 | |
| 分册: | 8 | |
| 出版信息: | 郑州 河南文艺出版社 2016.05 |
|
| 页数: | 321页 | |
| 开本: | 24cm | |
| 丛书名: | ||
| 单 册: | ||
| 中图分类: | Z62 | |
| 科图分类: | ||
| 主题词: | 期刊--中国 , 连续出版物--中国 | |
| 电子资源: | ||
| ISBN: | 978-7-5559-0347-5 | |
| 000 | 00615nam0 2200193 450 | |
| 001 | 2657915898 | |
| 005 | 20260408160613.22 | |
| 010 | @a978-7-5559-0347-5@dCNY38.00 | |
| 100 | @a20240920d km y0chiy0120 ea | |
| 101 | 0 | @achi |
| 200 | 1 | @a新青年﹒青年妇女卷@AXin Qing Nian﹒Qing Nian Fu Nu Juan@h8@f张宝明主编@FZhang Bao Ming Zhu Bian |
| 210 | @a郑州@c河南文艺出版社@d2016.05 | |
| 215 | @a321页@d24cm | |
| 606 | 0 | @a期刊@x中国 |
| 606 | 0 | @a连续出版物@x中国 |
| 690 | @aZ62@v4 | |
| 701 | 0 | @a张宝明@AZhang Bao Ming@4主编 |
| 801 | 0 | @aCN@b大连网信软件有限公司图书馆·11@c20260408 |
| 905 | @aZUCC@b1057454@dZ62@e88:8@f1 | |
| 新青年﹒青年妇女卷.8/张宝明主编.-郑州:河南文艺出版社,2016.05 |
| 321页;24cm |
| ISBN 978-7-5559-0347-5:CNY38.00 |
| ● |
| 相关链接 |
|
|
|
|
正题名:新青年﹒青年妇女卷
索取号:Z62/88:8
 
预约/预借
| 序号 | 登录号 | 条形码 | 馆藏地/架位号 | 状态 | 备注 |
| 1 | 1442384 | 214423845 | 第二样本阅览室/ [索取号:Z62/88:8] | 在馆 |